Města Plzeňského kraje nad 5000 obyvatel - Statistics

General Stats
  • This quiz has been taken 181 times
  • The average score is 12 of 19
Answer Stats
Pořadí Počet obyvatel Answer % Correct
1 181 240 Plzeň
100%
2 22 496 Klatovy
99%
3 14 309 Rokycany
96%
5 11 010 Domažlice
95%
4 13 800 Tachov
88%
7 7 975 Stříbro
79%
6 10 820 Sušice
78%
8 6 935 Nýřany
70%
17 5 094 Horažďovice
63%
16 5 132 Horšovský Týn
62%
9 6 750 Přeštice
62%
13 5 414 Starý Plzenec
57%
10 6 360 Dobřany
48%
14 5 235 Kdyně
46%
11 5 505 Planá
44%
18 5 033 Nýrsko
42%
15 5 191 Bor
38%
12 5 489 Holýšov
37%
19 5 020 Třemošná
37%
No matching quizzes found
Score Distribution
Percent of People with Each Score
Percentile by Number Answered
Your Score History
You have not taken this quiz